[Event "RUS Cup Final Women 2019"]
[Site "Khanty-Mansiysk"]
[Date "2019.12.07"]
[Round "2.1"]
[White "Goltseva, Ekaterina"]
[Black "Gritsayeva, Oksana"]
[Result "1/2-1/2"]
[WhiteElo "2297"]
[BlackElo "2370"]
[Annotator "NA RC"]
[PlyCount "193"]
[EventDate "2019.12.05"]
[EventType "k.o."]
[EventCountry "RUS"]
[SourceTitle "playchess.com"]
[Source "ChessBase"]
[SourceQuality "1"]
[TimeControl "5400+30"]

1. d4 {[%emt 0:00:00]} d5 {[%emt 0:00:00]} 2. c4 {[%emt 0:00:01]} dxc4 {[%emt 0:00:00]} 3. Nf3 {[%emt 0:00:26]} Nf6 {[%emt 0:00:00]} 4. e3 {[%emt 0:00:10]} e6 {[%emt 0:00:00]} 5. Bxc4 {[%emt 0:00:28]} a6 {[%emt 0:00:19]} 6. O-O {[%emt 0:00:29]} c5 {[%emt 0:00:21]} 7. dxc5 {[%emt 0:04:35]} Qxd1 {[%emt 0:00:26]} 8. Rxd1 {[%emt 0:00:04]} Bxc5 {[%emt 0:00:05]} 9. Be2 {[%emt 0:01:37]} b6 {[%emt 0:02:27]} 10. Nbd2 {[%emt 0:03:15]} Bb7 {[%emt 0:01:10]} 11. Nc4 {[%emt 0:01:06]} Nbd7 {[%emt 0:00:23]} 12. Bd2 {[%emt 0:06:24]} O-O {[%emt 0:02:20]} 13. Bc3 {[%emt 0:01:16]} Bd5 {[%emt 0:02:52]} 14. Nce5 {[%emt 0:18:29]} Nxe5 {[%emt 0:02:49]} 15. Nxe5 {[%emt 0:00:16]} Rfc8 {[%emt 0:02:05]} 16. Nd3 {[%emt 0:01:54]} Be7 {[%emt 0:02:30]} 17. f3 $11 {[%emt 0:07:52]} Kf8 {[%emt 0:04:50]} 18. Kf1 {[%emt 0:01:42]} Bc4 {[%emt 0:06:02]} 19. e4 {[%emt 0:08:48]} b5 {[%emt 0:04:12]} 20. Bd4 {[%emt 0:02:40]} b4 {[%emt 0:01:50]} 21. Rd2 {[%emt 0:07:54]} Ke8 {[%emt 0:06:45]} 22. b3 {[%emt 0:02:07]} Bb5 {[%emt 0:01:49]} 23. Nb2 {[%emt 0:01:25]} Nd7 {[%emt 0:10:33]} 24. Nc4 {[%emt 0:03:38]} Bxc4 {[%emt 0:01:34]} 25. Bxc4 {[%emt 0:00:07]} Bg5 {[%emt 0:01:55]} 26. Rdd1 {[%emt 0:01:19]} Bf6 {[%emt 0:01:23]} 27. a3 {[%emt 0:04:19]} Bxd4 {[%emt 0:01:39]} 28. Rxd4 {[%emt 0:00:03]} Ne5 {[%emt 0:01:21]} 29. axb4 {[%emt 0:02:58]} Nc6 {[%emt 0:00:40]} 30. Rd6 {[%emt 0:00:48]} Nxb4 {[%emt 0:00:57]} 31. Bxa6 {[%emt 0:03:19]} Ke7 {[%emt 0:08:44]} 32. Rb6 {[%emt 0:01:19]} Rcb8 {[%emt 0:04:37]} 33. Rxb8 {[%emt 0:00:51]} Rxb8 {[%emt 0:00:04]} 34. Bc4 {[%emt 0:01:16]} Nc2 {[%emt 0:00:45]} 35. Ra7+ {[%emt 0:01:41]} Kf8 {[%emt 0:00:28]} 36. Rd7 {[%emt 0:02:16]} Ne3+ {[%emt 0:01:25]} 37. Kf2 {[%emt 0:00:34]} Nxc4 {[%emt 0:00:12]} 38. bxc4 {[%emt 0:00:04]} Rc8 {[%emt 0:00:06]} 39. Rd4 {[%emt 0:01:45]} f6 {[%emt 0:02:21]} 40. f4 {[%emt 0:02:54]} e5 {[%emt 0:01:06]} 41. fxe5 {[%emt 0:00:06]} fxe5 {[%emt 0:00:04]} 42. Rd5 {[%emt 0:00:07]} Rxc4 {[%emt 0:00:04]} 43. Rxe5 {[%emt 0:00:02]} Rc3 {[%emt 0:01:10]} 44. Rg5 {[%emt 0:01:42]} Kf7 {[%emt 0:01:12]} 45. Rg3 {[%emt 0:00:23]} Rc2+ {[%emt 0:00:05]} 46. Kf3 {[%emt 0:00:22]} g6 {[%emt 0:00:54]} 47. h4 {[%emt 0:01:53]} Kf6 {[%emt 0:01:31]} 48. Rg5 {[%emt 0:00:47]} Rc1 {[%emt 0:01:58]} 49. Rb5 {[%emt 0:00:40]} Rf1+ {[%emt 0:00:46]} 50. Ke3 {[%emt 0:03:01]} Re1+ {[%emt 0:00:09]} 51. Kf4 {[%emt 0:02:56]} Rf1+ {[%emt 0:00:06]} 52. Kg3 {[%emt 0:00:15]} Re1 {[%emt 0:00:19]} 53. Kf3 {[%emt 0:00:11]} Rf1+ {[%emt 0:00:08]} 54. Ke3 {[%emt 0:00:14]} Re1+ {[%emt 0:00:06]} 55. Kd3 {[%emt 0:00:26]} Rg1 {[%emt 0:01:42]} 56. Rg5 {[%emt 0:01:10]} Rf1 {[%emt 0:00:58]} 57. g3 {[%emt 0:01:01]} Re1 {[%emt 0:02:47]} 58. Kd4 {[%emt 0:00:26]} Rd1+ {[%emt 0:00:21]} 59. Ke3 {[%emt 0:00:10]} Re1+ {[%emt 0:00:30]} 60. Kf3 {[%emt 0:00:06]} Rf1+ {[%emt 0:00:31]} 61. Ke2 {[%emt 0:00:06]} Ra1 {[%emt 0:00:31]} 62. Rd5 {[%emt 0:00:42]} Rb1 {[%emt 0:01:47]} 63. Kf2 {[%emt 0:01:08]} Rb3 {[%emt 0:00:37]} 64. Rc5 {[%emt 0:01:02]} Ra3 {[%emt 0:00:19]} 65. Rb5 {[%emt 0:00:36]} Rc3 {[%emt 0:00:31]} 66. Ra5 {[%emt 0:00:42]} Rb3 {[%emt 0:00:05]} 67. Rc5 {[%emt 0:00:24]} Ra3 {[%emt 0:00:05]} 68. h5 {[%emt 0:00:27]} Rb3 {[%emt 0:00:41]} 69. Ra5 {[%emt 0:00:09]} Rc3 {[%emt 0:00:07]} 70. Rb5 {[%emt 0:00:48]} Ra3 {[%emt 0:00:05]} 71. h6 {[%emt 0:00:29]} Ra2+ {[%emt 0:00:55]} 72. Kf3 {[%emt 0:00:09]} Rh2 {[%emt 0:00:32]} 73. g4 {[%emt 0:00:23]} g5 {[%emt 0:01:28]} 74. Rf5+ {[%emt 0:00:22]} Ke6 {[%emt 0:02:44]} 75. Rxg5 {[%emt 0:00:34]} Rxh6 {[%emt 0:00:06]} 76. Kf4 {[%emt 0:00:27]} Rh1 {[%emt 0:01:52]} 77. Re5+ {[%emt 0:00:49]} Kf6 {[%emt 0:02:50]} 78. g5+ {[%emt 0:00:22]} Kf7 {[%emt 0:01:38]} 79. Ra5 {[%emt 0:00:36]} Rf1+ {[%emt 0:01:34]} 80. Ke5 {[%emt 0:00:15]} Rb1 {[%emt 0:01:40]} 81. Kd6 {[%emt 0:01:01]} Rb6+ {[%emt 0:00:10]} 82. Kd7 {[%emt 0:00:44]} Rb7+ {[%emt 0:00:09]} 83. Kc6 {[%emt 0:00:18]} Re7 {[%emt 0:01:02]} 84. Kd5 {[%emt 0:00:19]} Kg6 {[%emt 0:00:20]} 85. Kd4 {[%emt 0:00:54]} Re6 {[%emt 0:01:32]} 86. Ke3 {[%emt 0:00:22]} h6 {[%emt 0:00:36]} 87. gxh6 {[%emt 0:00:32]} Kxh6 {[%emt 0:00:04]} 88. Rf5 {[%emt 0:00:37]} Kg6 {[%emt 0:00:10]} 89. Kd4 {[%emt 0:00:06]} Ra6 {[%emt 0:01:21]} 90. Rb5 {[%emt 0:00:50]} Kf6 {[%emt 0:00:58]} 91. Kd5 {[%emt 0:00:11]} Re6 {[%emt 0:00:32]} 92. Rb1 {[%emt 0:00:39]} Re5+ {[%emt 0:00:22]} 93. Kd4 {[%emt 0:00:03]} Ra5 {[%emt 0:00:50]} 94. Rb6+ {[%emt 0:00:14]} Ke7 {[%emt 0:00:05]} 95. e5 {[%emt 0:00:44]} Ra1 {[%emt 0:00:49]} 96. Rb7+ {[%emt 0:00:33]} Ke6 {[%emt 0:00:05]} 97. Ke4 {Kxe5+} 1/2-1/2

[Event "RUS Cup Final Women 2019"]
[Site "Khanty-Mansiysk"]
[Date "2019.12.08"]
[Round "2.2"]
[White "Guseva, Marina"]
[Black "Garifullina, Leya"]
[Result "1/2-1/2"]
[WhiteElo "2373"]
[BlackElo "2308"]
[Annotator "ChessBase"]
[PlyCount "74"]
[EventDate "2019.12.05"]
[EventType "k.o."]
[EventCountry "RUS"]
[SourceTitle "playchess.com"]
[Source "ChessBase"]
[SourceQuality "1"]
[TimeControl "5400+30"]

1. d4 {[%emt 0:00:00]} Nf6 {[%emt 0:00:00]} 2. c4 {[%emt 0:00:00]} e6 {[%emt 0:00:00]} 3. Nc3 {[%emt 0:00:00]} Bb4 {[%emt 0:00:00]} 4. Nf3 {[%emt 0:00:00]} O-O {[%emt 0:00:01]} 5. Bg5 {[%emt 0:00:00]} c5 {[%emt 0:00:39]} 6. Rc1 {[%emt 0:00:06]} cxd4 {[%emt 0:00:19]} 7. Nxd4 {[%emt 0:00:06]} h6 {[%emt 0:02:18]} 8. Bxf6 {[%emt 0:00:05]} Qxf6 {[%emt 0:00:06]} 9. e3 {[%emt 0:00:02]} Nc6 {[%emt 0:02:34]} 10. Be2 {[%emt 0:02:27]} Nxd4 {[%emt 0:02:08]} 11. Qxd4 {[%emt 0:00:47]} Qxd4 {[%emt 0:02:52]} 12. exd4 {[%emt 0:00:04]} d6 {[%emt 0:00:39]} 13. O-O {[%emt 0:06:43]} Bd7 {[%emt 0:01:53]} 14. Bf3 {[%emt 0:04:51]} Rac8 {[%emt 0:02:56]} 15. a3 {[%emt 0:00:08]} Bxc3 {[%emt 0:01:03]} 16. Rxc3 {[%emt 0:00:03]} Bc6 {[%emt 0:05:08]} 17. Rfc1 {[%emt 0:12:48]} Rfd8 {[%emt 0:04:05]} 18. d5 {[%emt 0:18:00]} Bd7 {[%emt 0:01:23]} 19. dxe6 {[%emt 0:01:31]} Bxe6 {[%emt 0:00:08]} 20. g3 {[%emt 0:04:16]} b6 {[%emt 0:01:56]} 21. Kg2 {[%emt 0:03:25]} Rc7 {[%emt 0:00:21]} 22. b3 {[%emt 0:00:12]} Rdc8 {[%emt 0:01:23]} 23. Rd1 {[%emt 0:01:16]} b5 {[%emt 0:01:07]} 24. Rxd6 {[%emt 0:00:38]} bxc4 {[%emt 0:00:06]} 25. bxc4 {[%emt 0:00:22]} Bxc4 {[%emt 0:00:36]} 26. Re3 {[%emt 0:00:11]} Rb8 {[%emt 0:01:34]} 27. Bd5 {[%emt 0:01:19]} Bxd5+ {[%emt 0:00:15]} 28. Rxd5 {[%emt 0:00:03]} Rb2 {[%emt 0:00:13]} 29. Ra5 {[%emt 0:00:26]} g6 {[%emt 0:00:27]} 30. h4 {[%emt 0:00:15]} h5 {[%emt 0:00:10]} 31. Rf3 {[%emt 0:00:23]} Kg7 {[%emt 0:00:07]} 32. Rf4 {[%emt 0:00:13]} Re7 {[%emt 0:00:34]} 33. Rfa4 {[%emt 0:00:24]} Ree2 {[%emt 0:00:34]} 34. Rf4 {[%emt 0:00:06]} Re7 {[%emt 0:00:22]} 35. Rfa4 {[%emt 0:00:04]} Ree2 {[%emt 0:00:35]} 36. Rf4 {[%emt 0:00:04]} Re7 {[%emt 0:00:06]} 37. Rfa4 {[%emt 0:00:02]} Ree2 {[%emt 0:00:06]} 1/2-1/2

[Event "RUS Cup Final Women 2019"]
[Site "Khanty-Mansiysk"]
[Date "2019.12.08"]
[Round "2.2"]
[White "Gritsayeva, Oksana"]
[Black "Goltseva, Ekaterina"]
[Result "1-0"]
[WhiteElo "2370"]
[BlackElo "2297"]
[Annotator "NA"]
[PlyCount "97"]
[EventDate "2019.12.05"]
[EventType "k.o."]
[EventCountry "RUS"]
[SourceTitle "playchess.com"]
[Source "ChessBase"]
[SourceQuality "1"]
[TimeControl "5400+30"]

1. Nf3 {[%emt 0:00:00]} Nf6 {[%emt 0:00:06]} 2. d4 {[%emt 0:00:00]} d5 {[%emt 0:00:24]} 3. c4 {[%emt 0:00:00]} e6 {[%emt 0:00:26]} 4. Nc3 {[%emt 0:00:00]} dxc4 {[%emt 0:00:45]} 5. e3 {[%emt 0:00:30]} a6 {[%emt 0:01:03]} 6. Bxc4 {[%emt 0:00:15]} b5 {[%emt 0:00:09]} 7. Be2 {[%emt 0:02:42]} Bb7 {[%emt 0:00:55]} 8. O-O {[%emt 0:00:16]} Nbd7 {[%emt 0:02:34]} 9. b3 {[%emt 0:03:09]} c5 {[%emt 0:01:14]} 10. Bb2 {[%emt 0:00:10]} Be7 {[%emt 0:02:16]} 11. dxc5 {[%emt 0:07:29]} Bxc5 {[%emt 0:03:01]} 12. Rc1 {[%emt 0:03:55]} O-O {[%emt 0:04:54]} 13. a4 {[%emt 0:02:14] D47: Semi-Slav: Meran System} b4 {[%emt 0:05:27]} 14. Nb1 {[%emt 0:00:05]} Qe7 {[%emt 0:03:48]} 15. Nbd2 {[%emt 0:03:17]} Rfd8 {[%emt 0:02:20]} 16. Qc2 {[%emt 0:00:58]} Rac8 {[%emt 0:03:39]} 17. Qb1 {[%emt 0:00:57] [#]} Ba7 $146 {[%emt 0:10:03]} ({Predecessor:} 17... Nb6 18. Rfd1 {½-½ (18) Andersson,U (2635)-Tarjan,J (2535) Jakarta 1983}) 18. Rfd1 {[%emt 0:06:52]} Nc5 {[%emt 0:05:30]} 19. Bd4 {[%emt 0:01:14]} Nfd7 {[%emt 0:16:11]} 20. Nc4 {[%emt 0:02:54]} Bd5 {[%emt 0:02:34]} 21. Qb2 {[%emt 0:02:05]} f6 {[%emt 0:00:59]} 22. e4 {[%emt 0:03:52]} (22. a5 $11) 22... Bxe4 $17 {[%emt 0:07:30]} 23. Nd6 {[%emt 0:03:24]} Qxd6 {[%emt 0:01:07]} 24. Bxc5 {[%emt 0:00:51]} Qb8 {[%emt 0:02:10]} 25. Bxa7 {[%emt 0:09:30]} Qxa7 {[%emt 0:00:26]} 26. Rxc8 {[%emt 0:05:36]} Rxc8 {[%emt 0:00:05]} 27. Bc4 {[%emt 0:03:55]} Nf8 {[%emt 0:03:43]} 28. Qe2 {[%emt 0:06:19]} Qa8 {[%emt 0:07:29]} 29. Rd6 {[%emt 0:04:45]} Bd5 {[%emt 0:01:07]} 30. Bxd5 {[%emt 0:06:21]} Rc1+ {[%emt 0:03:58]} 31. Ne1 {[%emt 0:00:05]} exd5 {[%emt 0:00:03]} 32. g3 {[%emt 0:02:08]} Qc8 {[%emt 0:03:17]} 33. Kg2 {[%emt 0:01:25]} Qc3 {[%emt 0:02:03]} 34. Nd3 {[%emt 0:02:20]} Rc2 {[%emt 0:00:25]} 35. Qe3 {[%emt 0:01:31]} Qxb3 {[%emt 0:02:04]} 36. Rd8 {[%emt 0:01:07]} d4 {[%emt 0:00:29]} 37. Qe7 {[%emt 0:01:00]} Qf7 {[%emt 0:00:10]} 38. Qxb4 {[%emt 0:00:07]} Rc7 {[%emt 0:02:05]} 39. Nf4 {[%emt 0:01:57]} Rd7 {[%emt 0:00:46]} 40. Rb8 {[%emt 0:01:21]} Re7 {[%emt 0:01:55]} 41. Qxd4 {[%emt 0:01:02]} g5 {[%emt 0:00:35]} 42. Nd5 {[%emt 0:01:16]} Re5 {[%emt 0:00:11]} 43. Ne3 {[%emt 0:01:13]} Kg7 {[%emt 0:00:52]} 44. Qb4 {[%emt 0:01:51]} a5 {[%emt 0:00:31]} 45. Qb1 {[%emt 0:01:14]} Qe6 {[%emt 0:00:35]} 46. Qb7+ {[%emt 0:00:38]} Qf7 {[%emt 0:00:19]} 47. Qc8 {[%emt 0:01:19]} Kg8 {[%emt 0:00:42]} 48. Ng4 {[%emt 0:00:54]} Qd5+ {[%emt 0:00:30]} 49. Kh3 {[%emt 0:00:41]} 1-0

[Event "RUS Cup Final Women 2019"]
[Site "Khanty-Mansiysk"]
[Date "2019.12.09"]
[Round "3.1"]
[White "Guseva, Marina"]
[Black "Gritsayeva, Oksana"]
[Result "1/2-1/2"]
[WhiteElo "2373"]
[BlackElo "2370"]
[Annotator "TA"]
[PlyCount "81"]
[EventDate "2019.12.05"]
[EventType "k.o."]
[EventCountry "RUS"]
[SourceTitle "playchess.com"]
[Source "ChessBase"]
[SourceQuality "1"]

{[%evp 11,81,5,0,7,35,24,61,56,60,55,47,5,5,0,3,0,50,60,70,68,63,63,48,52,62,11,11,11,54,55,44,30,29,18,72,12,14,13,13,14,16,6,8,0,0,0,0,0,0,0,0,0,0,0,0,0,0,0,0,0,0,0,0,0,0,0,0,0,0,0,0,0]} 1. d4 Nf6 2. c4 e6 3. Nc3 Bb4 4. Nf3 c5 5. g3 b6 6. Bg2 Bb7 7. dxc5 {E20: Nimzo-Indian: 4 g3 and 4 f3} (7. d5 exd5 8. Nh4 Ne4 9. Bxe4 dxe4 10. Qd6 Bxc3+ 11. bxc3 f6 12. Nf5 g6 13. Bg5 Rf8 14. Qe5+ Kf7 {1-0 (22) Perdomo,L (2469)-Bachmann,A (2633) Niteroi 2019}) 7... Bxc5 8. O-O Be7 9. Bf4 {White is slightly better.} O-O 10. Nb5 Na6 11. a4 $146 ({Predecessor:} 11. Bd6 Nc5 12. Qd4 a6 13. Bc7 Qc8 14. Bd6 Bxd6 15. Nxd6 {½-½ (58) Galonska,J (2291)-Gruen,G (2372) Germany 2011}) 11... d5 12. Ne5 Nb4 13. Rc1 Bc5 14. Bg5 a6 15. Nc3 $1 Be7 16. cxd5 Nfxd5 17. Nxd5 Nxd5 18. Nc6 ({White should play} 18. Bxe7 $14 Qxe7 19. Qb3) 18... Bxc6 $1 $11 19. Bxe7 Qxe7 20. Rxc6 Qb4 21. Qc2 Rad8 22. Rc4 Qd6 (22... Qe7 $11) 23. Qb3 (23. Rd4 $16) 23... a5 {The position is equal.} 24. Rd1 {[#] Black must now prevent e4.} Qe5 $1 25. Bxd5 Rxd5 26. Rxd5 Qxd5 {[%mdl 4096] Endgame KQR-KQR} 27. e4 Qd6 28. Qc2 Rd8 29. Rc6 Qd4 30. Rc8 {[#] Qc7 is the strong threat.} h6 (30... g5 {looks sharper.} 31. Qc3 Qd1+ 32. Kg2 Rxc8 33. Qxc8+ Kg7) 31. Rxd8+ Qxd8 {KQ-KQ} 32. Qc4 Qd6 33. b3 Kh7 34. Kg2 Kg8 35. h4 h5 36. Kf3 g6 37. Ke3 Qd1 38. Qc3 Kh7 39. Qd3 Qc1+ 40. Kf3 Qc5 41. Ke2 {Accuracy: White = 65%, Black = 79%.} 1/2-1/2

[Event "RUS Cup Final Women 2019"]
[Site "Khanty-Mansiysk"]
[Date "2019.12.10"]
[Round "3.2"]
[White "Gritsayeva, Oksana"]
[Black "Guseva, Marina"]
[Result "1-0"]
[WhiteElo "2370"]
[BlackElo "2373"]
[Annotator "TA"]
[PlyCount "53"]
[EventDate "2019.12.05"]
[EventType "k.o."]
[EventCountry "RUS"]
[SourceTitle "playchess.com"]
[Source "ChessBase"]
[SourceQuality "1"]

{[%evp 9,53,0,0,0,37,37,28,28,38,23,73,62,58,46,122,133,137,138,122,122,188,195,214,229,251,252,280,273,287,262,272,247,270,252,248,258,222,248,436,429,507,508,488,504,29996,29997]} 1. e4 c6 2. Nc3 d5 3. Nf3 Bg4 4. Be2 e6 5. h3 Bxf3 6. Bxf3 {B11: Caro-Kann: Two Knights Variation} Nf6 (6... d4 $5 {[%cal Rd4c3]} 7. Ne2 c5 $11) 7. d4 Bb4 8. e5 {White has an edge.} Nfd7 9. O-O Bxc3 $146 ({Predecessor:} 9... c5 10. a3 Bxc3 11. bxc3 O-O 12. Rb1 b6 13. c4 {1-0 (42) Bologan,V (2654)-Gunina,V (2518) Almaty 2016}) 10. bxc3 O-O 11. a4 b5 (11... Qc7 $14) 12. Be2 $16 bxa4 13. c4 dxc4 14. Bxc4 Qc7 {[#]} (14... Nb6 $16 {was worth a try.}) 15. Qg4 $1 $18 {[%mdl 1024] White has strong compensation.} (15. Rxa4 Nb6 $15) 15... Kh8 16. Bd3 ({Worse is} 16. Rxa4 Nb6 $11) 16... Re8 17. Qh5 {[%csl Gd3][%cal Rh5h7]} ({Don't do} 17. Rxa4 $6 f5 $18) 17... Nf8 18. Ba3 {Bxf8 is the strong threat.} Ng6 19. f4 Nd7 20. Bd6 $40 {[%mdl 128] White attacks with force.} Qb6 21. Rxa4 c5 22. Kh2 {Strongly threatening f5.} cxd4 23. Rb4 Qd8 $2 (23... Qc6 24. Bb5 (24. Rxd4 Rac8 $16) 24... Qd5) 24. Rb7 a6 25. f5 exf5 26. Rxf5 f6 {[#]} (26... Ndxe5 $18 27. Bxe5 Re7 28. Rxe7 Qxe7) 27. Qxh7+ $1 {[%mdl 576] Clearance. Accuracy: White = 89%, Black = 32%.} 1-0